000 00348nam a22001217a 4500
005 20250821094954.0
008 250821b |||||||| |||| 00| 0 eng d
082 _a005
_bGRE-E
100 _aGreta Van Susteren
245 _aEverything You Need to Know About Social Media Without Having to Call a Kid
650 _aComputer Science & IT
999 _c37054
_d37054